[Event "Russian Championship G17 2016"]
[Site "Loo"]
[Date "2016.04.24"]
[Round "5.3"]
[White "Martynyuk, Elizaveta"]
[Black "Afonasieva, Anna"]
[Result "0-1"]
[WhiteElo "2059"]
[BlackElo "2133"]
[PlyCount "118"]
[EventDate "2016.04.20"]

1. e4 c5 2. Nf3 a6 3. c4 Nc6 4. d4 cxd4 5. Nxd4 e5 6. Nxc6 dxc6 7. Qxd8+ Kxd8
8. Be3 Kc7 9. a3 Be6 10. Nc3 Nf6 11. f3 Nd7 12. Be2 Bc5 13. Kf2 Bxe3+ 14. Kxe3
Nc5 15. Rad1 Nb3 16. Na4 b5 17. cxb5 axb5 18. Nc3 Nd4 19. Bd3 Rhb8 20. f4 f6
21. fxe5 fxe5 22. Rc1 Kd6 23. Ne2 c5 24. Nc3 b4 25. axb4 Rxb4 26. Ra1 Rxa1 27.
Rxa1 c4 28. Ra6+ Ke7 29. Ra7+ Kf6 30. Ra6 Kf7 31. Ra7+ Kg6 32. Ra5 cxd3 33.
Rxe5 Kf6 34. Rh5 Nc6 35. Kxd3 Rxb2 36. Nd5+ Bxd5 37. exd5 Ne5+ 38. Kd4 Rb4+ 39.
Kc5 Rc4+ 40. Kb6 Rg4 41. Rxh7 Rxg2 42. Kc5 Rc2+ 43. Kd4 Nf3+ 44. Ke3 Rxh2 45.
Rxh2 Nxh2 46. Ke4 Ng4 47. Kf4 Ne5 48. Ke4 g5 49. Ke3 Kf5 50. Kf2 Ke4 51. d6 Kd5
52. Ke3 Kxd6 53. Ke4 Ke6 54. Ke3 Kf5 55. Ke2 Kg4 56. Kf2 Kh3 57. Kg1 g4 58. Kh1
g3 59. Kg1 g2 0-1

[Event "Russian Championship G17 2016"]
[Site "Loo"]
[Date "2016.04.24"]
[Round "5.4"]
[White "Erdenieva, Oyuna"]
[Black "Tishova, Svetlana"]
[Result "0-1"]
[WhiteElo "2123"]
[BlackElo "1946"]
[PlyCount "48"]
[EventDate "2016.04.20"]

1. d4 Nf6 2. c4 e6 3. g3 d5 4. Nf3 dxc4 5. Bg2 a6 6. a4 c5 7. O-O cxd4 8. Qxd4
Qxd4 9. Nxd4 e5 10. Nf3 Nc6 11. Nbd2 Be6 12. Ng5 Bg4 13. h3 Bxe2 14. Bxc6+ bxc6
15. Re1 Bd3 16. Rxe5+ Be7 17. b3 c3 18. Ba3 Nd5 19. Rae1 O-O 20. Bxe7 cxd2 21.
Rd1 Rfe8 22. Rxd2 Bg6 23. Nf3 Nxe7 24. Rde2 Kf8 0-1

[Event "Russian Championship G17 2016"]
[Site "Loo"]
[Date "2016.04.24"]
[Round "5.5"]
[White "Borisova, Ekaterina"]
[Black "Illina, Natalia"]
[Result "1/2-1/2"]
[WhiteElo "2058"]
[BlackElo "1945"]
[PlyCount "117"]
[EventDate "2016.04.20"]

1. e4 c5 2. Nf3 Nc6 3. d4 cxd4 4. Nxd4 g6 5. c4 Bg7 6. Be3 Nf6 7. Nc3 O-O 8.
Be2 d6 9. O-O Bd7 10. f3 Qb6 11. Na4 Qa5 12. Nc3 Qb6 13. Rb1 Ng4 14. fxg4 Bxd4
15. Bxd4 Qxd4+ 16. Kh1 Qxd1 17. Rbxd1 Be6 18. Nd5 Bxd5 19. cxd5 Ne5 20. Rc1
Rac8 21. Kg1 f6 22. Kf2 Kf7 23. Ke3 g5 24. Kd4 Rfd8 25. g3 a6 26. a4 Ke8 27. b4
Kd7 28. Rc3 Rxc3 29. Kxc3 Rc8+ 30. Kb3 Kd8 31. h4 h6 32. hxg5 hxg5 33. Rh1 Kd7
34. b5 Ra8 35. Rh7 Ng6 36. Rg7 Ne5 37. a5 Rb8 38. Kb4 Rh8 39. bxa6 bxa6 40.
Bxa6 Ke8 41. Bb7 Kf8 42. Rh7 Rxh7 43. a6 Rh1 44. a7 Ra1 45. a8=Q+ Rxa8 46. Bxa8
Nxg4 47. Kc4 Ne3+ 48. Kd3 Nf1 49. Ke2 Nxg3+ 50. Kf3 Nh5 51. Bc6 Kf7 52. Bd7 Ng7
53. Kg4 Kg6 54. Bc8 f5+ 55. exf5+ Kf6 56. Bd7 Ke5 57. Kxg5 Nxf5 58. Bxf5 Kxd5
59. Kf4 1/2-1/2

[Event "Russian Championship G17 2016"]
[Site "Loo"]
[Date "2016.04.24"]
[Round "5.6"]
[White "Korchagina, Alena"]
[Black "Abasheeva, Ksenia"]
[Result "1-0"]
[WhiteElo "2031"]
[BlackElo "1886"]
[PlyCount "89"]
[EventDate "2016.04.20"]

1. Nf3 c5 2. c4 Nf6 3. Nc3 d5 4. cxd5 Nxd5 5. d4 Nxc3 6. bxc3 g6 7. e4 Bg7 8.
Be3 O-O 9. Qd2 cxd4 10. cxd4 b6 11. Rc1 e6 12. Bd3 Bb7 13. O-O Nd7 14. Bg5 f6
15. Bf4 Rf7 16. Bc4 Re7 17. Bc7 Qe8 18. Bd6 Rf7 19. Rfe1 Kh8 20. d5 e5 21. Bb5
a6 22. Bc6 Bxc6 23. dxc6 Rd8 24. Qb4 Nc5 25. Bxc5 bxc5 26. Qxc5 Rc7 27. Rc4
Rdc8 28. Rec1 h5 29. Qb6 a5 30. h3 Kh7 31. R1c2 Bh6 32. Ne1 Qe6 33. Nd3 Qd6 34.
Nb2 h4 35. Qc5 Qe6 36. Qd5 Qe8 37. Qd6 Bf4 38. Qxf6 Qd8 39. Qxd8 Rxd8 40. Kf1
Kg8 41. Na4 Kf7 42. Nb6 Ke6 43. Nd5 Rcc8 44. c7 Rd6 45. Rc6 1-0

[Event "Russian Championship G17 2016"]
[Site "Loo"]
[Date "2016.04.24"]
[Round "5.7"]
[White "Golovkina, Anastasia"]
[Black "Nosacheva, Mariya"]
[Result "0-1"]
[WhiteElo "1881"]
[BlackElo "2021"]
[PlyCount "62"]
[EventDate "2016.04.20"]

1. e4 c5 2. Nf3 Nc6 3. d4 cxd4 4. Nxd4 g6 5. c4 Bg7 6. Be3 Nf6 7. Nc3 Ng4 8.
Qxg4 Nxd4 9. Qd1 Ne6 10. Rc1 b6 11. Bd3 Bb7 12. O-O O-O 13. f3 Bc6 14. Qd2 a5
15. b3 Nc5 16. Rfd1 e6 17. Bc2 f5 18. exf5 gxf5 19. a3 Na6 20. Nb5 Rb8 21. Qd6
Rf7 22. Qg3 Bxb5 23. cxb5 Nc7 24. Bf4 Rc8 25. Bg5 Qf8 26. Bxf5 Rxf5 27. Rxd7
Rc5 28. Rcd1 Rd5 29. R1xd5 Nxd5 30. Bh6 Qc5+ 31. Kf1 Qxb5+ 0-1

[Event "Russian Championship G17 2016"]
[Site "Loo"]
[Date "2016.04.24"]
[Round "5.8"]
[White "Yanuchenko, Polina"]
[Black "Makhno, Maria"]
[Result "0-1"]
[WhiteElo "2092"]
[BlackElo "1962"]
[PlyCount "106"]
[EventDate "2016.04.20"]

1. e4 d6 2. d4 Nf6 3. Nc3 e5 4. dxe5 dxe5 5. Qxd8+ Kxd8 6. Bg5 c6 7. O-O-O+ Kc7
8. f4 h6 9. fxe5 hxg5 10. exf6 gxf6 11. Bc4 Be6 12. Bxe6 fxe6 13. Nf3 Nd7 14.
Nd4 Nc5 15. Rdf1 Rd8 16. Nde2 Rh6 17. h3 b5 18. b4 Nb7 19. a4 bxa4 20. b5 a3
21. bxc6 Kxc6 22. Rd1 Rxd1+ 23. Rxd1 Bc5 24. Nd4+ Bxd4 25. Rxd4 Nc5 26. e5 fxe5
27. Rg4 Rf6 28. Kb1 Rf5 29. Ka2 Rf2 30. Kb1 Rf1+ 31. Ka2 Rc1 32. Kxa3 Rxc2 33.
Na4 e4 34. Nxc5 Kxc5 35. Rxe4 Rxg2 36. h4 gxh4 37. Rxh4 Rg5 38. Kb3 e5 39. Kc3
Rg7 40. Re4 Kd5 41. Kd3 Rb7 42. Ra4 Re7 43. Ra5+ Kc6 44. Ke4 Kb6 45. Ra1 a5 46.
Rb1+ Kc5 47. Rc1+ Kb4 48. Rb1+ Kc3 49. Ra1 Ra7 50. Rg1 a4 51. Rg3+ Kb4 52. Kxe5
a3 53. Rg4+ Kc5 0-1

[Event "Russian Championship G17 2016"]
[Site "Loo"]
[Date "2016.04.24"]
[Round "5.9"]
[White "Zhemchuzhina, Elizaveta"]
[Black "Troyanok, Tatiana"]
[Result "0-1"]
[WhiteElo "2000"]
[BlackElo "1772"]
[PlyCount "68"]
[EventDate "2016.04.20"]

1. e4 c5 2. Nf3 a6 3. c3 e6 4. d4 cxd4 5. cxd4 d5 6. exd5 Qxd5 7. Nc3 Qd8 8.
Bd3 Nf6 9. Bg5 Be7 10. Qc2 h6 11. Bf4 Nc6 12. Qd2 Nb4 13. Bb1 Nbd5 14. Be5 O-O
15. O-O b5 16. Ne4 Nxe4 17. Bxe4 f5 18. Bxd5 Qxd5 19. Qf4 Bb7 20. Qg3 Bf6 21.
Rac1 Bxe5 22. Nxe5 f4 23. Qh3 Rf5 24. Nf3 Qxa2 25. Nh4 Rf6 26. b3 Bd5 27. Rc3
b4 28. Rc7 Qe2 29. Rfc1 Raf8 30. f3 R8f7 31. Rc8+ Kh7 32. Qg4 e5 33. h3 Be6 34.
Qh5 Bxc8 0-1

[Event "Russian Championship G17 2016"]
[Site "Loo"]
[Date "2016.04.24"]
[Round "5.10"]
[White "Krapivina, Galina"]
[Black "Kozina, Anastasia"]
[Result "1-0"]
[WhiteElo "1859"]
[BlackElo "1994"]
[PlyCount "185"]
[EventDate "2016.04.20"]

1. e4 c5 2. Nf3 d6 3. d4 cxd4 4. Nxd4 Nf6 5. Nc3 a6 6. f4 e5 7. Nf3 Nbd7 8. a4
Be7 9. Bd3 O-O 10. O-O exf4 11. Kh1 Ne5 12. Bxf4 Qc7 13. h3 Be6 14. Nd4 Ng6 15.
Bh2 Qc5 16. Nf5 Bxf5 17. exf5 Ne5 18. Ne4 Nxe4 19. Bxe4 Qb4 20. Qe1 Qxe1 21.
Rfxe1 Rab8 22. Rad1 Rfd8 23. Rd5 Bf6 24. b3 Kf8 25. Rf1 Ke7 26. Bg1 Nc6 27. Bb6
Rd7 28. c4 Be5 29. c5 f6 30. Rd2 Rc8 31. Bd5 Nd4 32. cxd6+ Rxd6 33. Bxb7 Rb8
34. Bxd4 Rxd4 35. Rxd4 Bxd4 36. Bxa6 Bc3 37. Bb5 Rd8 38. Rc1 Ba5 39. Kg1 Rd5
40. g4 g6 41. fxg6 hxg6 42. Rc4 Rd1+ 43. Kf2 Rd2+ 44. Kf3 Rb2 45. Re4+ Kf8 46.
Bc4 Rh2 47. Kf4 Bb4 48. Re3 f5 49. gxf5 gxf5 50. Rf3 Ke7 51. Ke5 Kd7 52. Kxf5
Kc7 53. Ke5 Bd6+ 54. Kd5 Rd2+ 55. Bd3 Be7 56. Kc4 Rd1 57. Kb5 Bd8 58. Bc4 Re1
59. Rf7+ Kb8 60. Kc6 Re8 61. Rb7+ Ka8 62. Bd5 Rh8 63. Kb5 Rh5 64. Rd7+ Kb8 65.
Rxd8+ Kc7 66. Rg8 Rxd5+ 67. Kc4 Rh5 68. Rg3 Rh4+ 69. Kb5 Kb7 70. a5 Rh5+ 71.
Ka4 Ka6 72. b4 Rh4 73. Rg6+ Kb7 74. Rg7+ Ka6 75. Rg3 Kb7 76. Rc3 Ka6 77. Rc6+
Kb7 78. Kb5 Rh5+ 79. Rc5 Rxh3 80. a6+ Kb8 81. Kb6 Rh6+ 82. Rc6 Rh8 83. b5 Ka8
84. Rf6 Rg8 85. Kc5 Rc8+ 86. Rc6 Rh8 87. b6 Kb8 88. Kb5 Rh7 89. Kc5 Rh4 90. Kd5
Ra4 91. b7 Rb4 92. Kc5 Rb1 93. Rc8+ 1-0

[Event "Russian Championship G17 2016"]
[Site "Loo"]
[Date "2016.04.24"]
[Round "5.11"]
[White "Khristenko, Anna"]
[Black "Aksenova, Maria"]
[Result "1-0"]
[WhiteElo "1962"]
[BlackElo "1919"]
[PlyCount "79"]
[EventDate "2016.04.20"]

1. Nf3 c5 2. g3 Nc6 3. Bg2 g6 4. O-O Bg7 5. d3 e6 6. Nbd2 Nge7 7. e4 O-O 8. c3
d6 9. a4 b6 10. Qe2 Bb7 11. Rd1 Qc7 12. Nc4 Rac8 13. h4 a6 14. h5 b5 15. axb5
axb5 16. Ne3 Ra8 17. Bd2 Na5 18. Ng4 Nb3 19. Rxa8 Bxa8 20. Bh6 gxh5 21. Bxg7
Kxg7 22. Ne3 Ng6 23. Nh4 Qd8 24. Qxh5 h6 25. f4 Nxh4 26. gxh4 f5 27. exf5 Qf6
28. Bxa8 Rxa8 29. Kh1 Ra1 30. Rxa1 Nxa1 31. Qg4+ Kf7 32. fxe6+ Qxe6 33. Qf5+
Qf6 34. Kg2 Nb3 35. Kf3 Nd2+ 36. Ke2 Nb3 37. Qd7+ Kg6 38. f5+ Kh5 39. Qe8+ Kxh4
40. Qe4+ 1-0

[Event "Russian Championship G17 2016"]
[Site "Loo"]
[Date "2016.04.24"]
[Round "5.12"]
[White "Simakova, Elena"]
[Black "Barbaeva, Irina"]
[Result "1/2-1/2"]
[WhiteElo "1826"]
[BlackElo "1968"]
[PlyCount "81"]
[EventDate "2016.04.20"]

1. e4 c5 2. Nf3 d6 3. Bb5+ Nd7 4. d4 a6 5. Bxd7+ Bxd7 6. O-O g6 7. c4 Bg7 8.
Nc3 cxd4 9. Nxd4 Nf6 10. h3 O-O 11. Be3 Rc8 12. Qd3 Qc7 13. b3 b5 14. Nd5 Nxd5
15. cxd5 Qc3 16. Qxc3 Rxc3 17. Rac1 Rfc8 18. Rxc3 Rxc3 19. Rd1 a5 20. Ne2 Rc2
21. Rd2 Rxd2 22. Bxd2 b4 23. Be3 Bb5 24. Nd4 Bd3 25. f3 Bb1 26. Nc6 e6 27. Bb6
Bxa2 28. Bxa5 Bxb3 29. Bxb4 Bf8 30. Nd4 Ba2 31. dxe6 fxe6 32. Kf2 Kf7 33. g3
Bg7 34. Ke3 d5 35. f4 e5 36. fxe5 Bxe5 37. Be1 Kf6 38. Nf3 dxe4 39. Kxe4 Bb1+
40. Kd5 Ba2+ 41. Ke4 1/2-1/2

[Event "Russian Championship G17 2016"]
[Site "Loo"]
[Date "2016.04.24"]
[Round "5.13"]
[White "Guseva, Lidia"]
[Black "Shabunova, Ekaterina"]
[Result "1-0"]
[WhiteElo "2065"]
[BlackElo "1805"]
[PlyCount "87"]
[EventDate "2016.04.20"]

1. d4 Nf6 2. c4 d6 3. Nc3 Nbd7 4. e4 e5 5. d5 Be7 6. f3 O-O 7. Be3 Ne8 8. Bd3
Bg5 9. Bf2 g6 10. h4 Bh6 11. g4 Bf4 12. Nh3 Ng7 13. Ne2 f5 14. gxf5 gxf5 15.
Rg1 fxe4 16. Bxe4 Nc5 17. Nhxf4 exf4 18. Qd4 Qf6 19. Qxf6 Rxf6 20. Bd4 Nxe4 21.
fxe4 Rg6 22. Rxg6 hxg6 23. Nxf4 Bg4 24. Bxg7 Kxg7 25. Kd2 Rf8 26. Ke3 Re8 27.
Rg1 Bf5 28. Nh5+ Kf7 29. Ng3 Bd7 30. Kd4 Re5 31. c5 Bb5 32. cxd6 cxd6 33. Rh1
Kf6 34. Rh2 Bd7 35. Rc2 Bg4 36. Rc7 Re7 37. Rxe7 Kxe7 38. e5 dxe5+ 39. Kxe5 Bf3
40. Ne4 b6 41. Nd6 Kd7 42. Nb5 a6 43. Nd4 Bg2 44. Ne6 1-0

[Event "Russian Championship G17 2016"]
[Site "Loo"]
[Date "2016.04.24"]
[Round "5.14"]
[White "Sakorenko, Adriana"]
[Black "Kovaleva, Ekaterina"]
[Result "1-0"]
[WhiteElo "1969"]
[BlackElo "1786"]
[PlyCount "59"]
[EventDate "2016.04.20"]

1. e4 e5 2. Nf3 Nc6 3. Bc4 Bc5 4. d3 Nf6 5. O-O a6 6. h3 d6 7. a4 O-O 8. Nc3 h6
9. Be3 Ba7 10. Bxa7 Nxa7 11. Re1 Be6 12. Qe2 Nh5 13. Qe3 c6 14. Rad1 Nc8 15.
Ne2 Ne7 16. Bxe6 fxe6 17. d4 exd4 18. Nexd4 Qd7 19. Qb3 d5 20. exd5 exd5 21.
Ne6 Rfb8 22. Nfd4 b5 23. Qe3 Nc8 24. Qe5 Nf6 25. Nf5 Nb6 26. Nexg7 Ne4 27. Rxe4
Rf8 28. Nxh6+ Kh7 29. Rh4 Kg6 30. Rg4+ 1-0

[Event "Russian Championship G17 2016"]
[Site "Loo"]
[Date "2016.04.24"]
[Round "5.15"]
[White "Shojhet, Sofiy"]
[Black "Skomorokhina, Ekaterina"]
[Result "1-0"]
[WhiteElo "1807"]
[BlackElo "1883"]
[PlyCount "51"]
[EventDate "2016.04.20"]

1. e4 c5 2. Nf3 d6 3. d4 cxd4 4. Nxd4 Nf6 5. Bd3 Nc6 6. Be3 Ng4 7. Nxc6 Nxe3 8.
Nxd8 Nxd1 9. Nxf7 Nxb2 10. Nxh8 a6 11. Nc3 e6 12. Rb1 Nxd3+ 13. cxd3 Rb8 14.
O-O g5 15. Rfc1 Bg7 16. Na4 b5 17. Rc7 Bxh8 18. Nb6 Kd8 19. Rbc1 Bb7 20. Rd7+
Ke8 21. Rcc7 Bc6 22. Rxh7 Bd4 23. Rxc6 Bxb6 24. Rxd6 Rc8 25. Rxe6+ Kf8 26. Rh8+
1-0

[Event "Russian Championship G17 2016"]
[Site "Loo"]
[Date "2016.04.24"]
[Round "5.16"]
[White "Milovanova, Maria"]
[Black "Borunova, Tatiana"]
[Result "1-0"]
[WhiteElo "1844"]
[BlackElo "1699"]
[PlyCount "87"]
[EventDate "2016.04.20"]

1. d4 d5 2. c4 c6 3. Nc3 Nf6 4. Nf3 a6 5. a4 Bf5 6. cxd5 cxd5 7. Qb3 Ra7 8. Bg5
e6 9. e3 Nc6 10. Nh4 h6 11. Nxf5 hxg5 12. Ng3 Bd6 13. Be2 Bxg3 14. fxg3 Qd6 15.
O-O Ne7 16. Rac1 Nh5 17. Bxh5 Rxh5 18. Qd1 Rh6 19. e4 b6 20. exd5 Nxd5 21. Ne4
Qb4 22. Qf3 Qxd4+ 23. Kh1 Nf6 24. Rfd1 Qxa4 25. Rc4 Qa5 26. Qd3 Nd5 27. b4 Qa2
28. Nd6+ Kf8 29. Rc8+ Ke7 30. Rc2 Qxc2 31. Qxc2 Kxd6 32. Qc8 Ke7 33. h3 Rc7 34.
Qxa6 g4 35. Qe2 Nc3 36. Qe5 Rc6 37. Rc1 f6 38. Qe1 gxh3 39. Rxc3 hxg2+ 40. Kxg2
Rxc3 41. Qxc3 Kd6 42. b5 Rh8 43. Qc6+ Ke7 44. Qc7+ 1-0

[Event "Russian Championship G17 2016"]
[Site "Loo"]
[Date "2016.04.24"]
[Round "5.17"]
[White "Perfilova, Maria"]
[Black "Bocharova, Anastasia"]
[Result "1-0"]
[WhiteElo "1844"]
[BlackElo "1612"]
[PlyCount "63"]
[EventDate "2016.04.20"]

1. e4 e6 2. d4 d5 3. Nc3 dxe4 4. Nxe4 Nd7 5. Nf3 Ngf6 6. Nxf6+ Nxf6 7. Bd3 c5
8. O-O Bd7 9. dxc5 Bxc5 10. Ne5 h6 11. Qf3 Qc7 12. Nxd7 Nxd7 13. Bf4 e5 14.
Rae1 O-O-O 15. Be3 Rdf8 16. Bf5 Rd8 17. Rd1 Bxe3 18. Qxe3 Qa5 19. Rd3 g6 20.
Bxd7+ Rxd7 21. Ra3 Qb5 22. Qxa7 Rdd8 23. Rc3+ Kd7 24. Rb3 Qc4 25. Rxb7+ Ke8 26.
Qa3 Qe6 27. Qb4 f5 28. Re1 e4 29. f3 e3 30. Qb5+ Kf8 31. Qc5+ Kg8 32. Rxe3 1-0

[Event "Russian Championship G17 2016"]
[Site "Loo"]
[Date "2016.04.24"]
[Round "5.18"]
[White "Suleimanova, Renata"]
[Black "Spiridonova, Yana"]
[Result "1-0"]
[WhiteElo "1789"]
[BlackElo "1824"]
[PlyCount "89"]
[EventDate "2016.04.20"]

1. Nf3 Nf6 2. g3 d5 3. Bg2 e6 4. O-O Bd6 5. c4 O-O 6. cxd5 exd5 7. Nc3 c6 8. b3
Re8 9. Bb2 Nbd7 10. Qc2 Nc5 11. d3 Bg4 12. Rfe1 Ne6 13. Nb1 Bc5 14. Nbd2 Qb6
15. e3 Nd7 16. a3 a5 17. Qc3 f6 18. d4 Bf8 19. Qc2 c5 20. dxc5 Ndxc5 21. Nd4
Red8 22. b4 axb4 23. axb4 Rxa1 24. Rxa1 Qxb4 25. Bc3 Qb6 26. Ba5 Qa6 27. N4b3
b6 28. Bb4 Qc8 29. Rc1 Qd7 30. Nd4 Rc8 31. Qb1 Rc7 32. Bxc5 bxc5 33. N4b3 c4
34. h3 Bh5 35. Nd4 Nxd4 36. exd4 Bg6 37. Qa2 Ra7 38. Bxd5+ Qxd5 39. Qxa7 Bd3
40. Qc7 Bd6 41. Qc8+ Kf7 42. Nxc4 Bxg3 43. Ne3 Qg5 44. Qd7+ Kg6 45. Qe8+ 1-0

[Event "Russian Championship G17 2016"]
[Site "Loo"]
[Date "2016.04.24"]
[Round "5.19"]
[White "Yurovskikh, Yasmin"]
[Black "Potapova, Margarita"]
[Result "0-1"]
[WhiteElo "1892"]
[BlackElo "2109"]
[PlyCount "88"]
[EventDate "2016.04.20"]

1. e4 c5 2. Nf3 d6 3. d4 cxd4 4. Nxd4 Nf6 5. Nc3 a6 6. Be3 e5 7. Nb3 Be6 8. h3
Be7 9. Qf3 O-O 10. O-O-O b5 11. g4 b4 12. Nd5 Nxd5 13. exd5 Bc8 14. Bd3 a5 15.
Nc5 a4 16. Kb1 Qa5 17. Ne4 Ba6 18. g5 Nd7 19. h4 b3 20. cxb3 Bxd3+ 21. Rxd3 a3
22. Rd2 axb2 23. Rxb2 Qxd5 24. Rd1 Qe6 25. Nc3 f5 26. Qd5 Kf7 27. f4 Rfc8 28.
Qxe6+ Kxe6 29. Nd5 e4 30. b4 Ra3 31. b5 Nc5 32. Bxc5 dxc5 33. b6 Bd6 34. b7 Rb8
35. Rb6 Kd7 36. Nf6+ gxf6 37. Rdxd6+ Kc7 38. Rdc6+ Kd7 39. Rd6+ Kc7 40. Rdc6+
Kd7 41. gxf6 Rxb7 42. Rxb7+ Kxc6 43. Rxh7 Ra8 44. Re7 Kd6 0-1

[Event "Russian Championship G17 2016"]
[Site "Loo"]
[Date "2016.04.24"]
[Round "5.20"]
[White "Mukhtarova, Anastasiia"]
[Black "Kheyfets, Nataliya"]
[Result "1-0"]
[WhiteElo "1877"]
[BlackElo "2035"]
[PlyCount "47"]
[EventDate "2016.04.20"]

1. c4 e5 2. Nc3 Nc6 3. Nf3 d6 4. g3 f5 5. d4 e4 6. Ng5 g6 7. Bg2 Bg7 8. d5 Ne5
9. Qb3 Nf6 10. O-O O-O 11. f3 h6 12. Ne6 Bxe6 13. dxe6 exf3 14. exf3 Rb8 15. c5
Qe7 16. cxd6 cxd6 17. f4 Nc6 18. Be3 Kh7 19. Rfe1 Rfe8 20. Bf2 a6 21. Nd5 Nxd5
22. Bxd5 Qf6 23. Rab1 Re7 24. Bxc6 1-0

[Event "Russian Championship G17 2016"]
[Site "Loo"]
[Date "2016.04.24"]
[Round "5.21"]
[White "Protasova, Anastasia"]
[Black "Shafigullina, Zarina"]
[Result "0-1"]
[WhiteElo "1843"]
[BlackElo "1930"]
[PlyCount "50"]
[EventDate "2016.04.20"]

1. d4 Nf6 2. c4 e6 3. Nf3 b6 4. g3 Ba6 5. b3 Bb4+ 6. Bd2 Be7 7. Bg2 c6 8. Bc3
d5 9. Ne5 Nfd7 10. Nxd7 Nxd7 11. Nd2 O-O 12. O-O Rc8 13. Re1 b5 14. c5 Bf6 15.
b4 e5 16. Nb3 e4 17. Bd2 Be7 18. a4 Ra8 19. Nc1 f5 20. Na2 bxa4 21. Nc3 Bc4 22.
Qxa4 Bf6 23. Qxc6 Bxd4 24. Ra4 Ne5 25. Qb7 Rf7 0-1

[Event "Russian Championship G17 2016"]
[Site "Loo"]
[Date "2016.04.24"]
[Round "5.22"]
[White "Teryaeva, Valeria"]
[Black "Shelepneva, Darya"]
[Result "1-0"]
[WhiteElo "1929"]
[BlackElo "1780"]
[PlyCount "65"]
[EventDate "2016.04.20"]

1. e4 c5 2. c3 Nf6 3. e5 Nd5 4. Bc4 Nb6 5. Bb3 Nc6 6. d4 cxd4 7. cxd4 g6 8. d5
Nxe5 9. f4 Nec4 10. Qd4 Rg8 11. Bxc4 Bg7 12. Qd3 Nxc4 13. Qxc4 Qa5+ 14. Bd2 Qb6
15. Bc3 Qe3+ 16. Ne2 Bxc3+ 17. Nbxc3 a6 18. Qd4 Qxd4 19. Nxd4 d6 20. O-O Bd7
21. Rfe1 Rc8 22. Rac1 f6 23. Rc2 Kf7 24. Rce2 Rge8 25. h3 Rc5 26. Ne6 Rcc8 27.
Kf2 Rc4 28. g3 Bxe6 29. Rxe6 Rc5 30. R1e2 f5 31. g4 fxg4 32. hxg4 Rc4 33. Ne4
1-0

[Event "Russian Championship G17 2016"]
[Site "Loo"]
[Date "2016.04.24"]
[Round "5.23"]
[White "Kosheparova, Tatiana"]
[Black "Alekseeva, Angelina"]
[Result "1-0"]
[WhiteElo "1933"]
[BlackElo "1619"]
[PlyCount "131"]
[EventDate "2016.04.20"]

1. e4 c5 2. Nf3 Nc6 3. d4 cxd4 4. Nxd4 g6 5. Nc3 Bg7 6. Be3 Nf6 7. Nxc6 bxc6 8.
e5 Ng8 9. Bd4 Qa5 10. Bc4 Bxe5 11. O-O Bf6 12. Re1 d5 13. Bb3 Be6 14. Ba4 Rc8
15. Rb1 Qb4 16. Bxf6 Nxf6 17. a3 Qc5 18. Qf3 O-O 19. b4 Qd6 20. h3 a6 21. Ne2
Ne4 22. Qe3 Rfe8 23. f3 Nf6 24. Nf4 Bd7 25. Nd3 Nh5 26. c4 Qg3 27. Qf2 Qc7 28.
Nc5 Nf4 29. Nxa6 Qd6 30. Nc5 Bxh3 31. g3 Nh5 32. Kh2 Bd7 33. cxd5 Rf8 34. Rbd1
cxd5 35. Nxd7 Ra8 36. Nc5 Rfc8 37. f4 Nf6 38. Kg2 h5 39. Qe3 Rc7 40. Bc2 Ng4
41. Qf3 e6 42. Rd2 Rca7 43. a4 Qb6 44. Rb1 Rc8 45. a5 Qd6 46. a6 d4 47. Be4
Rcc7 48. Rbd1 Rxc5 49. bxc5 Qxc5 50. Rxd4 Rxa6 51. Rd8+ Kg7 52. R8d3 Ra2+ 53.
R1d2 Ra1 54. Rd1 Ra2+ 55. R3d2 Ra3 56. Bd3 Ne3+ 57. Kh3 Nxd1 58. Qxd1 Qe3 59.
Qe2 Qg1 60. Qg2 Qe3 61. Qe2 Qg1 62. Rd1 Qa7 63. Rc1 Rb3 64. Qe5+ Kh7 65. Rc8 f6
66. Qxh5+ 1-0

[Event "Russian Championship G17 2016"]
[Site "Loo"]
[Date "2016.04.24"]
[Round "5.24"]
[White "Dorofeeva, Nyurguiaana"]
[Black "Elkina, Yuliya"]
[Result "1/2-1/2"]
[WhiteElo "1851"]
[BlackElo "1559"]
[PlyCount "80"]
[EventDate "2016.04.20"]

1. e4 e6 2. d4 b6 3. Nf3 Bb7 4. Bd3 Nf6 5. Qe2 d6 6. O-O Nbd7 7. Rd1 g6 8. Nc3
Bg7 9. a4 a5 10. Bg5 h6 11. Bxf6 Qxf6 12. Nb5 Qd8 13. e5 dxe5 14. dxe5 O-O 15.
Be4 c6 16. Nd6 Qc7 17. Nxb7 Qxb7 18. Rd6 Rac8 19. Bd3 Nc5 20. Rd1 Rcd8 21. Be4
Rxd6 22. Rxd6 Rc8 23. Qc4 Bf8 24. Rd1 Qc7 25. g3 Nxe4 26. Qxe4 Bc5 27. c3 b5
28. Qh4 h5 29. axb5 cxb5 30. Qf4 Rd8 31. Rxd8+ Qxd8 32. Ng5 Qe8 33. Ne4 Be7 34.
Qd2 Qd8 35. Qxd8+ Bxd8 36. Nd6 b4 37. cxb4 axb4 38. b3 Kf8 39. Kg2 Ke7 40. Nc4
f6 1/2-1/2

[Event "Russian Championship G17 2016"]
[Site "Loo"]
[Date "2016.04.24"]
[Round "5.25"]
[White "Kazak, Natalia"]
[Black "Dekalyuk, Anastasiya"]
[Result "1-0"]
[WhiteElo "1784"]
[BlackElo "1554"]
[PlyCount "113"]
[EventDate "2016.04.20"]

1. d4 d5 2. c4 dxc4 3. e3 Nf6 4. Bxc4 e6 5. Nf3 c5 6. Nc3 a6 7. a4 Nc6 8. O-O
Be7 9. d5 exd5 10. Nxd5 Nxd5 11. Bxd5 Nb4 12. e4 O-O 13. Bf4 Nxd5 14. Qxd5 Qxd5
15. exd5 Rd8 16. Rfe1 Bf8 17. Rad1 Bf5 18. Bc7 Re8 19. d6 Rxe1+ 20. Rxe1 f6 21.
a5 Kf7 22. Rd1 Ke8 23. Nd2 Bd3 24. Nb3 Bxd6 25. Bxd6 Bc2 26. Re1+ Kd7 27. Na1
Kxd6 28. Nxc2 Rd8 29. Rd1+ Kc7 30. Rxd8 Kxd8 31. Kf1 Kc7 32. Ke2 Kc6 33. Na3
Kd5 34. Kd3 f5 35. f4 h6 36. h4 g6 37. g3 h5 38. b3 Kd6 39. Nc4+ Kc6 40. Ne5+
Kb5 41. Nxg6 Kxa5 42. Kc4 Kb6 43. Ne7 a5 44. Nxf5 Kc6 45. Ne3 b5+ 46. Kc3 Kd6
47. Nf5+ Kd5 48. Ng7 b4+ 49. Kc2 c4 50. f5 a4 51. bxa4 c3 52. Kb3 Kd4 53. f6
Kd3 54. f7 c2 55. f8=Q c1=Q 56. Qf3+ Kd4 57. Qf4+ 1-0

[Event "Russian Championship G17 2016"]
[Site "Loo"]
[Date "2016.04.24"]
[Round "5.26"]
[White "Bychenkova, Yulia"]
[Black "Grigorian, Ivetta"]
[Result "1-0"]
[WhiteElo "1696"]
[BlackElo "1446"]
[PlyCount "73"]
[EventDate "2016.04.20"]

1. c4 Nf6 2. Nc3 g6 3. g3 Bg7 4. Bg2 d6 5. e3 O-O 6. Nge2 Nbd7 7. O-O e5 8. d4
Qe7 9. b4 Ne8 10. Qb3 Kh8 11. Bb2 f5 12. f4 e4 13. g4 Qh4 14. g5 h6 15. gxh6
Qxh6 16. Kf2 Kh7 17. Rh1 Qh4+ 18. Ng3 Ndf6 19. Rag1 Rh8 20. Ke2 Kg8 21. Nd1 Ng4
22. Bf1 Nxh2 23. Nf2 Qf6 24. Bg2 c5 25. bxc5 dxc5 26. Qb5 b6 27. Qxe8+ Qf8 28.
Qxf8+ Kxf8 29. Nf1 Nxf1 30. Rxh8+ Bxh8 31. Bxf1 Kf7 32. Nh3 Ba6 33. Ng5+ Ke7
34. Kf2 Rd8 35. Ba3 Rc8 36. Rh1 Kf8 37. Rxh8+ 1-0

[Event "Russian Championship G17 2016"]
[Site "Loo"]
[Date "2016.04.24"]
[Round "5.28"]
[White "Chistyakova, Daria"]
[Black "Borodina, Tatiana"]
[Result "1-0"]
[WhiteElo "1857"]
[BlackElo "1721"]
[PlyCount "63"]
[EventDate "2016.04.20"]

1. e4 e5 2. Nf3 Nc6 3. Bc4 h6 4. O-O Nf6 5. Re1 d6 6. d4 Bg4 7. dxe5 Nxe5 8.
Be2 Bxf3 9. Bxf3 Be7 10. Nc3 O-O 11. Be2 c6 12. f4 Ng6 13. Bd3 Qc7 14. Qe2 Nd7
15. Qg4 Bf6 16. Ne2 Rae8 17. Ng3 Bd4+ 18. Kh1 Nf6 19. Qf3 Qb6 20. Nf5 Bc5 21.
Qh3 Nxe4 22. Bxe4 d5 23. Nxh6+ gxh6 24. f5 Rxe4 25. Rxe4 dxe4 26. Bxh6 Rd8 27.
fxg6 fxg6 28. Qe6+ Kh7 29. Bg5 Rf8 30. Bf6 Qb5 31. Qd7+ Kh6 32. Qh3# 1-0

[Event "Russian Championship G19 2016"]
[Site "Loo"]
[Date "2016.04.24"]
[Round "5.1"]
[White "Obolentseva, Alexandra"]
[Black "Rodionova, Daria"]
[Result "1-0"]
[WhiteElo "2315"]
[BlackElo "2212"]
[PlyCount "75"]
[EventDate "2016.04.20"]

1. d4 Nf6 2. c4 g6 3. Nc3 d5 4. Nf3 Bg7 5. e3 O-O 6. cxd5 Nxd5 7. Bc4 Nb6 8.
Bb3 Na6 9. O-O c5 10. Qe2 Bg4 11. h3 Bd7 12. Rd1 Qc7 13. a3 Rad8 14. Bd2 Bc6
15. Rac1 Qb8 16. Nb5 Bd5 17. Bxd5 Nxd5 18. dxc5 Bxb2 19. Rb1 Bg7 20. Ba5 b6 21.
Nbd4 Nxc5 22. Nc6 Qa8 23. Nxd8 bxa5 24. Qc4 Nc3 25. Nxf7 e6 26. Qxc5 Nxd1 27.
Rxd1 Rxf7 28. Ng5 Bf8 29. Qc4 Be7 30. Nxf7 Kxf7 31. Rd7 Qe8 32. Rxa7 Qd8 33.
Qd4 Qc8 34. Qd6 Qe8 35. Qf4+ Kg8 36. Qc7 Kf8 37. Qb7 Kf7 38. Rxa5 1-0